| 000 | 00503nam a2200181 4500 | ||
|---|---|---|---|
| 001 | 16467 | ||
| 005 | 20230410123958.0 | ||
| 008 | 060907n1998 dr spa | ||
| 020 | _a0195124278 | ||
| 035 | _9funglode16601 | ||
| 041 | _aEN | ||
| 050 | 1 | 4 | _aLB 1585.3 B658 1998 |
| 111 | _aProject 2061, American Association for the Advancement of Science | ||
| 245 | 1 | _aBlueprints for reform | |
| 260 |
_aNew York : _bOxfor University Press, _c1998 |
||
| 300 | _axvii, 300p. | ||
| 942 |
_2lcc _cbk |
||
| 999 |
_c69051 _d69051 |
||